logo

Bir Sreshtho Munshi Abdur Rouf Library
Jhenaidah Cadet College

Swiss-Alpine folk-tales / (Record no. 6247)

MARC details
000 -LEADER
fixed length control field 00788cam a2200253 a 4500
001 - CONTROL NUMBER
JCCL Control Number 6247
003 - CONTROL NUMBER IDENTIFIER
JCCL marc code BD-JhCC
005 - DATE AND TIME OF LATEST TRANSACTION
control field 20180117183828.0
008 - FIXED-LENGTH DATA ELEMENTS--GENERAL INFORMATION
fixed length control field 870401s1959 enk 000 0 eng d
035 ## - SYSTEM CONTROL NUMBER
system control number (BD-JhCC)6247
035 ## - SYSTEM CONTROL NUMBER
system control number 2332073
040 ## - CATALOGING SOURCE
Original cataloging agency ANL
Transcribing agency ANL
Modifying agency ABN-SNR
-- BD-JhCC
041 ## - LANGUAGE CODE
Language code of Book eng
082 04 - DEWEY DECIMAL CLASSIFICATION NUMBER
Classification number 398.209494
Author mark and Year MUL 1959
100 1# - MAIN ENTRY--PERSONAL NAME
Personal name Muller-Guggenbuhl, Fritz,
Dates associated with a name 1922-
245 10 - TITLE STATEMENT
Title Swiss-Alpine folk-tales /
Statement of responsibility, etc re-told by Fritz Muller-Guggenbuhl ; Translated by Katharine Potts ; Illustrated by Joan Kiddell-Monroe.
260 ## - PUBLICATION, DISTRIBUTION, ETC. (IMPRINT)
Place of publication, distribution, etc London :
Name of publisher, distributor, etc Oxford University Press,
Date of publication, distribution, etc 1959.
300 ## - PHYSICAL DESCRIPTION
Other physical details illus.
Pagination 224 p. :
Dimensions 23 cm.
490 0# - SERIES STATEMENT
Series statement Oxford myths and legends
650 #0 - SUBJECT ADDED ENTRY--TOPICAL TERM
Topical term or geographic name as entry element Tales
Geographic subdivision Switzerland.
650 #0 - SUBJECT ADDED ENTRY--TOPICAL TERM
Topical term or geographic name as entry element Legends
Geographic subdivision Switzerland.
942 ## - ADDED ENTRY ELEMENTS (KOHA)
Source of classification or shelving scheme Dewey Decimal Classification
Koha item type Books
Holdings
Source of classification or shelving scheme Damaged status Not for loan Home library Current library Shelving location Total Checkouts Full call number Barcode Date last seen Copy number Koha item type
Dewey Decimal Classification     JCC Rouf Library JCC Rouf Library General Stacks   398.209494 MUL 1959 8127 01/17/2018 C - 1 Books

JCC Library | Contacts | JCC Home

Last Update on 23 September 2017
Copyright @ 2017-2020 JCC Rouf Library
Rouf Library, Jhenidah Cadet College (JCC), Bangladesh